000 00687nam a2200241Ia 4500
999 _c6885
_d6885
001 17572537
003 OSt
005 20190121150129.0
008 880303r19541917miu 000 0 eng d
010 _a54002442
020 _a0801036526
040 _aIDA
_cIDA
_dNTA
082 _a371.3
_bG822L
090 _aLB1025
_b.G83 1954a
100 1 _aGregory, John Milton,
_d1822-1898.
245 1 4 _aThe seven laws of teaching /
_cJohn Milton Gregory
250 _aRev. ed. /
_bby William C. Bagley and Warren K. Layton.
260 _aGrand Rapids,
_bBaker Book House,
_c1954.
300 _a128 p.
_c23 cm.
500 _aReprint of the 1917 edition .
650 0 _aTeaching
942 _2ddc
_cBK